8-Letter Countries Quiz Stats

 Plays Quiz Updated Apr 12, 2019

Score 0/25 Timer 07:00
0 Plays Today
Country % Correct
Paraguay
78.8%
Colombia
76.9%
Portugal
75.9%
Pakistan
74%
Thailand
74%
Honduras
70.9%
Slovakia
70.6%
Ethiopia
70.4%
Slovenia
69.8%
Cambodia
69.3%
Bulgaria
68.6%
Zimbabwe
66.6%
Cameroon
66%
Country % Correct
Mongolia
65.7%
Suriname
64.6%
Tanzania
63.9%
Botswana
63.7%
Malaysia
62.7%
Dominica
59.6%
Djibouti
59.4%
Barbados
56.7%
Sri Lanka
53.9%
Kiribati
53.9%
Maldives
51.5%
eSwatini
40.1%

You're not logged in!

Compare scores with friends on all Sporcle quizzes.
OR
Log In

Sporcle TV

Today on Sporcle TV


Watch our educational content, quiz creation guides, and fun videos on Sporcle TV.

Show Comments

Extras

Top Quizzes Today


Score Distribution

Your Account Isn't Verified!

In order to create a playlist on Sporcle, you need to verify the email address you used during registration. Go to your Sporcle Settings to finish the process.

Report this User

Report this user for behavior that violates our Community Guidelines.

Details: